Nacimiento e infancia de Cristo

Saved in:
Bibliografiske detaljer
Hovedforfatter: Sánchez Cantón, Francisco Javier (Author)
Format: Bog
Sprog:spansk
Udgivet: Madrid Biblioteca de Autores Cristianos 1948
Serier:Serie Cristológica, 1
Fag:
Tags: Tilføj Tag
Ingen Tags, Vær først til at tagge denne postø!

MARC

LEADER 00000cam a2200000 a 4500
001 UCF8803
003 CL-VaPUC
008 131004e19480000sp |||||||||||||||||spa|d
082 0 4 |a 232  |b SAN  |2 21 
100 0 |a Sánchez Cantón, Francisco Javier  |e author  |9 570917 
245 1 0 |a Nacimiento e infancia de Cristo 
300 |a t 
942 |c BK 
945 |d 20131004 22:02:00  |a dcastane 
260 |a Madrid  |b Biblioteca de Autores Cristianos  |c 1948 
600 0 |a Jesús  |9 313614 
650 0 |a Cristología   |9 315091 
650 0 |a Arte religioso  |9 330545 
583 |a last modification  |c 20141209 02:45:34  |k Rodrigo Vera 
490 0 |a Serie Cristológica, 1 
999 |c 353335  |d 353333 
952 |0 0  |1 0  |2 ddc  |3 erd  |4 0  |6 232_000000000000000_SAN_1948  |7 0  |8 A  |9 458473  |a BIBART  |b BIBART  |d 2019-11-23  |h t.1  |i 5010985  |o 232 SAN 1948  |p 5010985  |r 2023-01-11  |w 2019-11-23  |y BK  |z Catalogado en:20131004  |k ART 
952 |0 0  |1 0  |3 erd  |4 0  |6 232_000000000000000_SAN_1948  |7 0  |8 P  |9 458474  |a BIBTEO  |b BIBTES  |c TEO_FTES  |h t.1  |i 5109248  |o 232 SAN 1948  |p 5109248  |r 2024-01-18  |w 2019-11-23  |y BK  |z Catalogado en:20141204  |k ICR